Coherence and frequency stability of semiconductor lasers under cooperation and modulation /
Saved in:
| Main Author: | |
|---|---|
| Format: | Thesis Book |
| Language: | English |
| Published: |
2002.
|
| Subjects: | |
| Tags: |
Add Tag
No Tags, Be the first to tag this record!
|
| LEADER | 00752cam a2200229 a 4500 | ||
|---|---|---|---|
| 001 | u94940 | ||
| 003 | SIRSI | ||
| 008 | 910708s1987 si v 00 1 eng m | ||
| 035 | |a AAK-3727 | ||
| 040 | |a UMM | ||
| 090 | |a TK7871.3 |b Loh | ||
| 100 | 1 | 0 | |a Loh, Wei Hung. |
| 245 | 1 | 0 | |a Coherence and frequency stability of semiconductor lasers under cooperation and modulation / |c Loh Wei Hung. |
| 260 | |c 2002. | ||
| 300 | |a 200 leaves : |b ill. ; |c 29 cm. | ||
| 500 | |a Photocopy. | ||
| 502 | |a Dissertation (M.Eng.) -- National University of Singapore, 1987. | ||
| 504 | |a Bibliography: leaves 196-200. | ||
| 650 | 0 | |a Semiconductor lasers. | |
| 948 | |a 13/08/1991 |b 04/09/2002 | ||
| 596 | |a 1 | ||
| 999 | |a TK7871.3 LOH |w LC |c 1 |i A010732817 |l STACKS |m P01UTAMA |r Y |s Y |t TESIS |u 19/2/1992 | ||
